Věrka

Bibliographic Details
Format: Book
Language:Czech
Slovak
PhysicalDescription:8 s. 17 cm
Published: Bratislava Slovart Junior 1993
ISBN:8071461210
Edition:[1. vyd.]
Subjects:

MARC

LEADER 00000nam a2200000 a 4500
001 vtls001073577
003 SK-MaSNL
005 20260413115214.0
008 250414s1993 xo 0 cze
015 |a SNBA1993/12 
020 |a 8071461210  |q (brož.) 
035 |a SNK000016408 
040 |a SNK  |b slo  |c SNK  |e AACR2 
041 0 |a slo 
044 |a xo  |c SK 
080 |a 860-3(087.5)=850  |2 1981 
245 0 0 |a Věrka 
250 |a [1. vyd.] 
260 |a Bratislava  |b Slovart Junior  |c 1993 
300 |a 8 s.  |c 17 cm 
655 7 |a umelecká literatúra  |2 SNK  |9 60405 
852 |a Slovenská národná knižnica 
919 |a 80-7146-121-0 
954 |a rozprávky autorské 
958 |a LX 
958 |a DB 
958 |a BQ 
958 |a TL 
958 |a UP 
958 |a CZ 
968 |d Přel. ze špan. 
999 |c 533009  |d 534939 
952 |t P60, <03>, [BOOK], {603}  |a SNK  |b SNK  |y PREZ  |7 0  |o snkSD 65899  |0 0  |1 0  |4 0  |d 2002-07-03  |l 0  |r 2004-12-31 00:00:00  |w 2026-02-23 
952 |t P60, <04>, [BOOK], {604}  |a SNK  |b SNK  |y VYP  |7 0  |p 17A0346120  |o snkSD 65899 D1  |i snkKSP 10054/93  |0 0  |1 0  |4 0  |d 2002-07-03  |l 0  |r 2004-12-31 00:00:00  |w 2026-02-23 
952 |a SNK  |b SNK  |y PREZ  |7 0  |p 17A1045697  |o snkSD 65899   |0 0  |1 0  |4 0  |d 2013-07-18  |l 0  |r 2026-02-23 12:14:06  |w 2026-02-23